LEADER 01122nam a2200265 4500 001 000000331400 003 CaOOAMICUS 005 20181130100317.0 008 181126s2000 it 000 u ita r 020 $a88-213-0442-6 040 $aSeMil$bita 100 1 $aCastellazzi, Vittorio Luigi,$d<1936- >.$0(OLS)http://semarc/name/34503 245 10$aIntroduzione alle tecniche proiettive /$cVittorio Luigi Castellazzi. 250 $a3. ed. riveduta e aggiornata 264 1$aRoma :$bLAS,$c2000. 300 $a197 p. ;$c24 cm 490 1 $aEnciclopedia delle scienze dell'educazione ;$v42 650 4$aTecnica proiettiva.$0(OLS)http://semarc/subject/47904 830 0$aEnciclopedia delle scienze dell'educazione ;$v42.$0(OLS)http://semarc/title/7575 850 $aSeMil 852 $aSeMil$W1$xVenegono$y1$m2O VI 44$j210961$B223626$CSeMilBibl$Z2$F223626 $81 996 $6020$a88-213-0442-6$9(OLS)http://semarc/number/285697 996 $6245$aIntroduzione alle tecniche proiettive$9(OLS)http://semarc/title/420108 996 $6264$aRoma :$bLAS$9(OLS)http://semarc/publisher/29900 LEADER 01092nam a2200241 i 4500 001 000000047631 003 CaOOAMICUS 005 20121003000000.0 008 121003s2012 it u000 u ita u 013 $a18801 020 $a978-88-10-10892-5 040 $aSeMil$bita 100 1 $aMartini, Carlo Maria,$c.$0(OLS)http://semarc/name/89159 245 12$aL'Europa, la fede e la Parola :$btre interviste sulla Chiesa e il mondo /$cCarlo Maria Martini. 260 $aBologna :$bEDB,$c2012. 300 $a48 p. ;$c19 cm. 650 4$aMartini, Carlo Maria - Interviste.$0(OLS)http://semarc/subject/10031 850 $aSeMil 852 $aSeMil$W1$xVenegono$y1$m5D V 19/1$j13786$B13786$CSeMilBibl$Z2$F13786 $81 961 $aAcquisto: L.S. srl 996 $6020$a978-88-10-10892-5$9(OLS)http://semarc/number/20401 996 $6245$aL'Europa, la fede e la Parola :$btre interviste sulla Chiesa e il mondo$9(OLS)http://semarc/title/71848 996 $6260$aBologna :$bEDB$9(OLS)http://semarc/publisher/29669